LEADER 01925nam1-2200457---450- 001 990001220540203316 005 20031027113134.0 035 $a000122054 035 $aUSA01000122054 035 $a(ALEPH)000122054USA01 035 $a000122054 100 $a20031027d2000----km-y0itay0103----ba 101 1 $aita$cger 102 $aIT 105 $ay|||z|||001yy 200 1 $a<> Aristotelismo presso i Greci$fPaul Moraux 210 $aMilano$cVita e Pensiero$dcopyr. 2000- 215 $av.$d22 cm 225 2 $aPubblicazioni del Centro di ricerche di metafisica$iTemi metafisici e problemi del pensiero antico. Studi e testi 410 0$12001$aPubblicazioni del Centro di ricerche di metafisica$iTemi metafisici e problemi del pensiero antico. Studi e testi 454 1$12001$a<> Aristotelismus bei den Griechen von Andronikos bis Alexander von Aphrodisia$953980 463 \1$1001990001172230203316$12001 $a<> <> Aristotelismo nei non-Aristotelici nei secoli 1. e 2. d. C. 463 \1$1001990001230760203316$12001 $a<> <> rinascita dell'Aristotelismo nel 1. secolo a.C. 463 \1$1001990001230810203316$12001 $a<> <> Aristotelici nei secoli 1. e 2. d. C. 606 0 $aAristotelismo$zSec. 1. a.C.-2. 676 $a185 700 1$aMORAUX,$bPaul$0158929 801 0$aIT$bsalbc$gISBD 912 $a990001220540203316 951 $aIV A Coll.$bL.M.$cIV A 959 $aBK 969 $aUMA 979 $aPAOLA$b90$c20031027$lUSA01$h1108 979 $aPAOLA$b90$c20031027$lUSA01$h1110 979 $aPAOLA$b90$c20031027$lUSA01$h1110 979 $aPAOLA$b90$c20031027$lUSA01$h1121 979 $aPAOLA$b90$c20031027$lUSA01$h1124 979 $aPAOLA$b90$c20031027$lUSA01$h1131 979 $aPATRY$b90$c20040406$lUSA01$h1727 996 $aAristotelismus bei den Griechen von Andronikos bis Alexander von Aphrodisia$953980 997 $aUNISA LEADER 01188nam a2200289 i 4500 001 991001037009707536 005 20020502182732.0 008 010806s1993 us ||| | eng 020 $a0271010134 035 $ab11454684-39ule_inst 035 $aPRUMB53886$9ExL 040 $aDip. SSSC$bita 100 1 $aAfzal-Khan, Fawzia$0223716 245 10$aCultural imperialism and the Indo-English novel :$bgenre and ideology in R.K. Narayan, Anita Desai, Kamala Markandaya, and Salman Rushdie /$cFawzia Afzal-Khan 260 $aUniversity Park :$bPennsylvania State University Press,$cc1993 300 $aX, 194 p. ;$c24 cm. 650 4$aDesai, Anita, 1937$xStudi 650 4$aImperialismo nella letteratura 650 4$aLetteratura e società - India$xStoria$ySec. XX 650 4$aNarayan, R. K., 1906$xStudi 650 4$aRushdie, Salman$xStudi 907 $a.b11454684$b02-04-14$c01-07-02 912 $a991001037009707536 945 $aLE021 FH10B70$g1$i2021000047039$lle021$o-$pE0.00$q-$rl$s- $t0$u1$v1$w1$x0$y.i11641538$z01-07-02 996 $aCultural imperialism and the Indo-English novel$9563711 997 $aUNISALENTO 998 $ale021$b01-01-01$cm$da $e-$feng$gus $h0$i1